[Event "GER-ch U12 Girls"]
[Site "Willingen"]
[Date "2019.06.13"]
[Round "7"]
[White "Mueller, Eva"]
[Black "Heuberger, Sandra"]
[Result "1/2-1/2"]
[WhiteElo "1031"]
[BlackElo "1077"]
[PlyCount "45"]
[EventDate "2019.06.08"]
[EventType "swiss"]
[EventRounds "9"]
[EventCountry "GER"]
[SourceTitle "CBM 191 Extra"]
[Source "ChessBase"]
[SourceDate "2019.09.30"]
[SourceVersion "1"]
[SourceVersionDate "2019.09.30"]
[SourceQuality "1"]

1. e4 e5 2. Nf3 Nc6 3. Bb5 a6 4. Ba4 Nf6 5. d3 d6 6. 0-0 h6 7. Re1 Be7 8. Nbd2 b5 9. Bb3 0-0 10. Nf1 Re8 11. c3 Bf8 12. h3 Na5 13. Bc2 c5 14. a3 Nc6 15. Ng3 a5 16. Bd2 g6 17. Qc1 Kh7 18. b4 axb4 19. axb4 Rxa1 20. Qxa1 cxb4 21. cxb4 Bg7 22. Qc1 Ng8 23. Bb3 1/2-1/2